Statistics for Republics of the Soviet Union

Click here to take the quiz!

General Stats

  • This quiz has been taken 346 times
  • The average score is 14 of 15

Answer Stats

Member sinceRepublic% Correct
1922Ukraine
98%
1940Estonia
96%
1940Latvia
95%
1940Lithuania
94%
1922Belarus
93%
1922Georgia
92%
1924Turkmenistan
92%
1922Armenia
91%
1924Uzbekistan
91%
1936Kazakhstan
90%
1922Azerbaijan
89%
1929Tajikistan
89%
1922Russia
87%
1940Moldova
84%
1936Kyrgyzstan
80%

Score Distribution

Percentile by Number Answered

Percent of People with Each Score

Your Score History

You have not taken this quiz